Nozioni elementari sul tiro delle armi da fuoco portatili : Tabelle e tavole (scuola normale di fanteria in Parma, anno scolastico 1887-88)

Guardado en:
Detalles Bibliográficos
Formato: Libro
Lenguaje:italiano
Publicado: Parma Stab. Tip. Luigi Battei Edit. 1887
Catálogo:EDISCO:  Resultados de Búsqueda del Catálogo
Clasificación de libros de texto:
Colección:scuola normale di fanteria in Parma, anno scolastico 1887-88
Etiquetas: Agregar Etiqueta
Sin Etiquetas, Sea el primero en etiquetar este registro!
Añadido a:2016-04-30
Cambiado en:2017-10-04

MARC

LEADER 00000aam a22000007 4500
001 22667
003 OSt
005 20171004090728.0
008 160501s1887 it 000 0 ita
040 |c Paola Zonca - Torino - SBN 
041 1 |a ita 
245 0 0 |a Nozioni elementari sul tiro delle armi da fuoco portatili : Tabelle e tavole (scuola normale di fanteria in Parma, anno scolastico 1887-88) 
260 |a Parma  |b Stab. Tip. Luigi Battei Edit.  |c 1887 
300 |a 16. p. 15., ;  
490 1 |a scuola normale di fanteria in Parma, anno scolastico 1887-88 
901 |a 7 
942 |2 ddc  |c BK 
546 |a ita 
999 |c 22656  |d 22656 
999 |c edisco:22656  |d 22656